|
|
|
|
| LEADER |
00905nam a2200229 a 4500 |
| 001 |
00012325 |
| 008 |
120104s1988 ii a 001 0 eng |
| 020 |
|
|
|a 8170290015
|
| 040 |
|
|
|a BD-DhAAL
|c BD-DhAAL
|
| 082 |
0 |
4 |
|a 005.2/65
|2 22
|
| 100 |
1 |
|
|a Miller, Alan R.
|
| 245 |
1 |
0 |
|a Assembly language techniques for the IBM PC /
|c Alan R. Miller.
|
| 260 |
|
|
|a New Delhi :
|b BPB Publications,
|c 1988.
|
| 300 |
|
|
|a xvii, 358 p. :
|b ill. ;
|c 25 cm.
|
| 500 |
|
|
|a Includes index.
|
| 541 |
1 |
|
|e 00012325
|
| 650 |
|
0 |
|i BM Personal Computer
|x Programming
|
| 650 |
|
0 |
|a ssembler language (Computer program language)
|
| 650 |
|
0 |
|i BM PC microcomputer systems
|x Programming - Manuals
|
| 852 |
1 |
|
|a Ayesha Abed library
|c General Shelf
|
| 999 |
|
|
|c 11722
|d 11722
|
| 952 |
|
|
|0 0
|1 0
|2 ddc
|4 0
|6 005_265000000000000_MIL
|7 0
|9 19063
|a BRACUL
|b BRACUL
|c GEN
|d 2012-01-05
|g 200.00
|l 6
|m 39
|o 005.265 MIL
|p 3010012325
|r 2022-04-25
|s 2022-04-03
|t 1
|w 2012-01-05
|y BK
|